[Event "Tournoi Skype 024A"]
[Site "Skype"]
[Date "????.??.??"]
[Round "1.1"]
[White "Mulrooney, Justin"]
[Black "Sojka, Bernard"]
[Result "0-1"]
[WhiteElo "1647"]
[BlackElo "2146"]
[PlyCount "66"]

1. e4 e5 2. Nf3 Nc6 3. Bb5 a6 4. Ba4 Nf6 5. O-O Be7 6. Re1 b5 7. Bb3 O-O 8. c3
d5 9. exd5 e4 10. Ng5 Bg4 11. Qc2 Na5 12. Nxe4 Re8 13. d4 Nxd5 14. Bxd5 Qxd5
15. Ng3 Bd6 16. Be3 Bxg3 17. hxg3 Bf5 18. Qc1 Nc4 19. Nd2 Nxe3 20. fxe3 Re6 21.
Nf3 Be4 22. Qd1 Rg6 23. Qe2 Rxg3 24. Qf2 Rg4 25. Kf1 Re8 26. Ke2 c5 27. Kd2 b4
28. Rec1 bxc3+ 29. bxc3 Rb8 30. Ke1 Qh5 31. a4 Rb2 32. Qf1 Rgxg2 33. Ne5 Rge2+
0-1

[Event "Tournoi Skype 024A"]
[Site "Skype"]
[Date "????.??.??"]
[Round "1.2"]
[White "Siret, Bernard"]
[Black "Casey, Eamonn"]
[Result "1-0"]
[WhiteElo "2094"]
[BlackElo "1643"]
[PlyCount "51"]

1. d4 Nf6 2. Nc3 g6 3. e4 d6 4. f3 Bg7 5. Be3 O-O 6. Bc4 Nbd7 7. Nge2 c5 8. Qd2
Re8 9. O-O-O Qc7 10. Bd5 Nxd5 11. Nxd5 Qd8 12. h4 e6 13. Ndc3 Nf6 14. h5 Nxh5
15. Rxh5 gxh5 16. dxc5 d5 17. Bh6 Qf6 18. Bxg7 Qxg7 19. Rh1 Qe5 20. Nf4 d4 21.
Nb5 Qxc5 22. Rxh5 Qe7 23. Nxd4 Rd8 24. e5 Qc5 25. Nd5 exd5 26. Qg5+ 1-0

[Event "Tournoi Skype 024A"]
[Site "Skype"]
[Date "????.??.??"]
[Round "1.3"]
[White "Lovell, Stan"]
[Black "Benson, Paul"]
[Result "0-1"]
[WhiteElo "1620"]
[BlackElo "2013"]
[PlyCount "70"]

1. e4 c5 2. Nc3 Nc6 3. f4 g6 4. Nf3 d6 5. Bb5 Bd7 6. d3 Bg7 7. O-O e6 8. Be3 a6
9. Bxc6 Bxc6 10. Qe1 Ne7 11. a3 O-O 12. Rd1 b5 13. d4 cxd4 14. Bxd4 Qc7 15.
Bxg7 Kxg7 16. Rd2 d5 17. Nd4 dxe4 18. Nxc6 Qxc6 19. Nxe4 Nd5 20. Ng5 h6 21. Ne4
Rac8 22. Qf2 Rfd8 23. Rfd1 Qc4 24. Qf3 Qc7 25. g3 Qb6+ 26. Qf2 Qxf2+ 27. Kxf2
f5 28. Nc3 Nxc3 29. Rd7+ Kf6 30. bxc3 Rxd7 31. Rxd7 Rxc3 32. Ke1 Rxc2 33. Rd6
Rxh2 34. Kf1 Ra2 35. Rd3 Rb2 0-1

[Event "Tournoi Skype 024A"]
[Site "Skype"]
[Date "????.??.??"]
[Round "1.4"]
[White "Ibarra Cantu, Raul Alberto"]
[Black "Khunte, Aniruddha"]
[Result "1-0"]
[WhiteElo "1955"]
[BlackElo "1616"]
[PlyCount "79"]

1. e4 c6 2. d4 d5 3. Nc3 dxe4 4. Nxe4 Bf5 5. Ng3 Bg6 6. h4 h6 7. h5 Bh7 8. Nf3
Nf6 9. Bd3 Bxd3 10. Qxd3 Nbd7 11. Bf4 e6 12. O-O-O Be7 13. Ne4 Nxe4 14. Qxe4
Nf6 15. Qe2 O-O 16. Kb1 Bd6 17. Ne5 Nd5 18. Bd2 Nf6 19. g4 Nh7 20. f4 f6 21.
Nc4 Re8 22. Nxd6 Qxd6 23. g5 fxg5 24. fxg5 Nxg5 25. Bxg5 hxg5 26. Qe3 Qf4 27.
Qb3 b5 28. Rhe1 Qg4 29. Rg1 Qxh5 30. Rdf1 a5 31. Qe3 g4 32. Qe4 e5 33. Rh1 exd4
34. Qd3 Qxh1 35. Rxh1 Re3 36. Qh7+ Kf7 37. Rf1+ Ke6 38. Qg6+ Kd5 39. Rf5+ Kc4
40. Qxc6+ 1-0

[Event "Tournoi Skype 024A"]
[Site "Skype"]
[Date "????.??.??"]
[Round "1.5"]
[White "Yardimci, Ertan"]
[Black "Silva, Rodrigo De Souza"]
[Result "0-1"]
[WhiteElo "1610"]
[BlackElo "1946"]
[PlyCount "51"]

1. d4 Nf6 2. c4 g6 3. Nc3 d5 4. Nf3 Bg7 5. Bf4 O-O 6. e3 c5 7. Bd3 cxd4 8. Nxd4
a6 9. O-O dxc4 10. Bxc4 b5 11. Bb3 Bb7 12. a3 Nbd7 13. Rc1 e5 14. Bxf7+ Rxf7
15. Ne6 Qb6 16. Ng5 exf4 17. Nxf7 Kxf7 18. exf4 Re8 19. Qb3+ Qe6 20. Qc2 Ne4
21. Ne2 Rc8 22. Nc3 Bxc3 23. bxc3 Rxc3 24. Qb2 Rxc1 25. Qxc1 Qc6 26. Qe3 0-1

[Event "Tournoi Skype 024A"]
[Site "Skype"]
[Date "????.??.??"]
[Round "1.6"]
[White "Rico Hernandez, Edgar"]
[Black "Alvarez, Juan Evangelista"]
[Result "1-0"]
[WhiteElo "1943"]
[BlackElo "1590"]
[PlyCount "79"]

1. d4 d5 2. c4 dxc4 3. Nc3 Bf5 4. e3 Nc6 5. Bxc4 Qd6 6. Nf3 O-O-O 7. O-O h5 8.
a3 h4 9. h3 Qg6 10. Kh1 e6 11. Bb5 Bd6 12. Qe2 Nce7 13. e4 Bg4 14. hxg4 Qxg4
15. Nh2 Qxe2 16. Nxe2 Bxh2 17. Kxh2 Nf6 18. f3 Nh5 19. Be3 Ng3 20. Nxg3 hxg3+
21. Kxg3 f5 22. Bg5 c6 23. Bc4 Kd7 24. Rfe1 Rh5 25. Bxe7 Kxe7 26. exf5 Rxd4 27.
Bxe6 Rg5+ 28. Kf2 Rd2+ 29. Ke3 Rxb2 30. g4 g6 31. Kf4 Kf6 32. Bc8 Rxf5+ 33.
gxf5 g5+ 34. Kg3 Rd2 35. Re6+ Kf7 36. Rh1 Rd8 37. Rh7+ Kg8 38. Rc7 Rf8 39. Ree7
Rxf5 40. Bxf5 1-0

[Event "Tournoi Skype 024A"]
[Site "Skype"]
[Date "????.??.??"]
[Round "1.7"]
[White "Salazar Ticeran, Antonio"]
[Black "Grosso, Raul"]
[Result "1/2-1/2"]
[WhiteElo "1590"]
[BlackElo "1895"]
[PlyCount "51"]

1. e4 c5 2. Nf3 e6 3. Nc3 a6 4. e5 Nc6 5. Ne4 Qc7 6. d4 cxd4 7. Bf4 Qb6 8. b3
Qa5+ 9. Bd2 Qd5 10. Bd3 Nxe5 11. Nxe5 Qxe5 12. O-O f5 13. Ng5 Nf6 14. Re1 Qc5
15. Qf3 Be7 16. Nh3 Qc6 17. Qg3 Nh5 18. Qe5 O-O 19. Qxd4 Bf6 20. Qe3 Bxa1 21.
Rxa1 f4 22. Qd4 Qd5 23. Qb6 Qc6 24. Qd4 Qd5 25. Qb6 Qc6 26. Qd4 1/2-1/2

[Event "Tournoi Skype 024A"]
[Site "Skype"]
[Date "????.??.??"]
[Round "1.8"]
[White "Lopez, Jose Luis"]
[Black "Perez Fermin, Jose"]
[Result "1-0"]
[WhiteElo "1893"]
[BlackElo "1576"]
[PlyCount "57"]

1. e4 c5 2. Nc3 d6 3. f4 Nc6 4. Bc4 a6 5. a3 Nf6 6. d3 g6 7. Nf3 Be6 8. Bxe6
fxe6 9. O-O Bg7 10. Qe1 Nh5 11. Qh4 Bf6 12. Qh3 Qd7 13. Na4 Rd8 14. Nb6 Qc7 15.
Nc4 Ng7 16. Kh1 b5 17. Ne3 Kd7 18. Nd5 Qb7 19. Nxf6+ exf6 20. e5 Rdf8 21. exd6
Kxd6 22. b4 cxb4 23. axb4 Rf7 24. c3 Nf5 25. g4 Nfe7 26. Be3 Kd7 27. Qg2 h5 28.
g5 f5 29. Ne5+ 1-0

[Event "Tournoi Skype 024A"]
[Site "Skype"]
[Date "????.??.??"]
[Round "1.9"]
[White "Vilone, Rino"]
[Black "Lambert, Pierre"]
[Result "1-0"]
[WhiteElo "1570"]
[BlackElo "1870"]
[PlyCount "71"]

1. e4 c5 2. d4 cxd4 3. f4 e6 4. h3 Qh4+ 5. Ke2 b6 6. Qe1 Ba6+ 7. Kd1 Qxe1+ 8.
Kxe1 Bxf1 9. Kxf1 Nf6 10. Nd2 Nc6 11. b3 Bb4 12. Ngf3 Nh5 13. Kg1 Nxf4 14. a3
Bc3 15. Rb1 d5 16. Kh2 O-O 17. Nc4 dxc4 18. Bxf4 cxb3 19. cxb3 Rfd8 20. Rhd1
Rd7 21. Rbc1 Rad8 22. Bd2 Bxd2 23. Rxc6 Bf4+ 24. g3 Be3 25. Ne5 Rb7 26. a4 Kf8
27. Nc4 Ke7 28. Kg2 Bh6 29. a5 b5 30. a6 Rbd7 31. Ne5 Rd6 32. Rc7+ Kf6 33. Ng4+
Kg6 34. Ne5+ Kf6 35. Nxf7 R6d7 36. Rf1+ 1-0

[Event "Tournoi Skype 024A"]
[Site "Skype"]
[Date "????.??.??"]
[Round "1.10"]
[White "Deville, Olivier"]
[Black "Yeter, Orhan"]
[Result "1-0"]
[WhiteElo "1860"]
[BlackElo "1570"]
[PlyCount "71"]

1. d4 Nf6 2. c4 e6 3. Nf3 b6 4. a3 Bb7 5. Nc3 Be7 6. d5 O-O 7. e4 exd5 8. cxd5
d6 9. Bd3 Re8 10. O-O Nbd7 11. b4 Rc8 12. Nd4 Ne5 13. f4 Nxd3 14. Qxd3 c5 15.
dxc6 Bxc6 16. Nxc6 Rxc6 17. b5 Rc7 18. Bb2 Qd7 19. a4 Rec8 20. a5 Qg4 21. axb6
axb6 22. h3 Qh4 23. Ra6 Nd7 24. Na4 Rc2 25. Bc3 R2xc3 26. Nxc3 Nc5 27. Qc4 Rb8
28. Ra7 Ne6 29. f5 d5 30. Nxd5 Bc5+ 31. Kh1 Ng5 32. Nf4 Rd8 33. Qe2 Re8 34. e5
Bd6 35. exd6 Rxe2 36. Ra8+ 1-0

[Event "Tournoi Skype 024A"]
[Site "Skype"]
[Date "????.??.??"]
[Round "1.11"]
[White "Leyton Calderon, Jairo Oswaldo"]
[Black "Altinok, Selim"]
[Result "0-1"]
[WhiteElo "1562"]
[BlackElo "1840"]
[PlyCount "140"]

1. Nf3 Nf6 2. b3 g6 3. Bb2 Bg7 4. e3 O-O 5. Be2 d6 6. O-O e5 7. d3 Nbd7 8. Nbd2
Nc5 9. d4 exd4 10. Nxd4 Re8 11. N2f3 Nfe4 12. c4 a5 13. Qc1 Bd7 14. Nc2 Nc3 15.
Ncd4 Nxe2+ 16. Nxe2 Nd3 17. Qc2 Nxb2 18. Nc3 Nxc4 19. bxc4 Bf5 20. Qd2 Qd7 21.
Rac1 c6 22. Nd4 Be6 23. Nxe6 Qxe6 24. Qe2 f5 25. Rfe1 Re7 26. Qd3 Be5 27. f3
Qf6 28. f4 Bxc3 29. Rxc3 Re4 30. Rd1 Rd8 31. Rd2 Qe6 32. Re2 Re8 33. Kf2 h6 34.
g3 g5 35. fxg5 hxg5 36. Kf3 Re7 37. Qc2 Qf7 38. Qc1 Qh5+ 39. Kf2 Qxh2+ 40. Kf1
Qxg3 41. Rcc2 Rxe3 42. Rxe3 Rxe3 43. Rg2 Qf4+ 44. Rf2 Rf3 45. Qxf4 Rxf4 46.
Rxf4 gxf4 47. Kf2 Kf7 48. Kf3 Ke6 49. Kxf4 d5 50. cxd5+ Kxd5 51. Kxf5 b5 52.
Kf4 Kd4 53. Kf3 Kd3 54. Kf2 Kd2 55. Kf3 c5 56. Ke4 c4 57. Kd4 c3 58. Kc5 c2 59.
Kxb5 c1=Q 60. Kxa5 Qb2 61. a4 Qb3 62. Ka6 Qxa4+ 63. Kb6 Kc3 64. Kc7 Qa6 65. Kd7
Kd4 66. Ke7 Ke5 67. Kf7 Qd6 68. Kg7 Kf5 69. Kf7 Qd7+ 70. Kf8 Kg6 0-1

[Event "Tournoi Skype 024A"]
[Site "Skype"]
[Date "????.??.??"]
[Round "1.13"]
[White "Bendre, Pankaj"]
[Black "Hilton, Stephen"]
[Result "0-1"]
[WhiteElo "1558"]
[BlackElo "1825"]
[PlyCount "58"]

1. e4 c6 2. d4 d5 3. e5 Bf5 4. Nc3 e6 5. Nge2 c5 6. Be3 Nc6 7. Ng3 Bg6 8. Bd3
cxd4 9. Bxd4 a6 10. Nce2 Nxd4 11. Nxd4 Bc5 12. Nb3 Ba7 13. O-O Ne7 14. Nd2 Nc6
15. Nf3 Qc7 16. Re1 O-O 17. a3 Qb6 18. Qe2 Bxd3 19. cxd3 Rac8 20. Qd2 Na5 21.
Nh5 h6 22. Rab1 Nb3 23. Qf4 Qxf2+ 24. Kh1 Rc2 25. Rg1 Kh7 26. Nxg7 Kxg7 27.
Qf6+ Kh7 28. g4 Nd2 29. g5 Qxf3+ 0-1

[Event "Tournoi Skype 024A"]
[Site "Skype"]
[Date "????.??.??"]
[Round "1.14"]
[White "Ricieri, Vinicius"]
[Black "Mitrani, Alberto"]
[Result "1-0"]
[WhiteElo "1814"]
[BlackElo "1549"]
[PlyCount "103"]

1. e4 d6 2. d4 Nf6 3. Nc3 g6 4. Be3 Bg7 5. f3 c6 6. Qd2 Nbd7 7. O-O-O b5 8. g4
b4 9. Nce2 a5 10. g5 Nh5 11. Bh3 Nb6 12. Qd3 Bxh3 13. Nxh3 a4 14. Nf2 d5 15. e5
Nc4 16. Kb1 Nxe3 17. Qxe3 e6 18. Nd3 Bf8 19. h4 Qb6 20. Rhe1 Ng7 21. Ng3 b3 22.
cxb3 axb3 23. a3 Bxa3 24. bxa3 Rxa3 25. Nc1 O-O 26. Re2 Rfa8 27. Rd3 Ra1+ 28.
Kb2 R1a2+ 29. Kb1 Ra1+ 30. Kb2 R8a2+ 31. Nxa2 bxa2+ 32. Rb3 Rb1+ 33. Kxa2 Rxb3
34. Qxb3 Qa6+ 35. Kb1 Nf5 36. Ra2 Qxa2+ 37. Qxa2 Nxg3 38. Qa8+ Kg7 39. Qxc6 Nf5
40. Qb6 Nxh4 41. f4 Ng2 42. Qd8 Ne3 43. Qf6+ Kg8 44. Kb2 Nc4+ 45. Kc3 Ne3 46.
Kb4 Ng4 47. Qd8+ Kg7 48. Kc5 Ne3 49. Kd6 Nf5+ 50. Kd7 Nxd4 51. Qf6+ Kg8 52. Ke8
1-0

[Event "Tournoi Skype 024A"]
[Site "Skype"]
[Date "????.??.??"]
[Round "1.15"]
[White "Galani, Mahendra"]
[Black "Diaz, Jose Garcia"]
[Result "0-1"]
[WhiteElo "1548"]
[BlackElo "1807"]
[PlyCount "64"]

1. e4 c5 2. c3 e5 3. Nf3 d6 4. Qa4+ Bd7 5. Qb3 Qc7 6. Na3 a6 7. Nc4 b5 8. Ne3
Nf6 9. d3 Be6 10. Qc2 Nc6 11. Ng5 Bc8 12. Be2 h6 13. Nf3 Bb7 14. O-O Be7 15.
Nf5 Bf8 16. b3 Ne7 17. N3h4 g6 18. Nxe7 Bxe7 19. Nf3 O-O-O 20. c4 b4 21. a3 a5
22. axb4 axb4 23. Ra7 Kd7 24. Qa2 Ra8 25. Qa4+ Ke6 26. Rxa8 Bc6 27. Ra7 Bxa4
28. Rxc7 Bxb3 29. Be3 Bc2 30. Rc1 b3 31. Ra1 b2 32. Rb7 bxa1=Q+ 0-1

[Event "Tournoi Skype 024A"]
[Site "Skype"]
[Date "????.??.??"]
[Round "1.16"]
[White "Karia, Vijay"]
[Black "Chavero, Victor"]
[Result "1-0"]
[WhiteElo "1792"]
[BlackElo "1544"]
[PlyCount "77"]

1. e4 e5 2. Bc4 Nc6 3. Nc3 Nf6 4. d3 d6 5. f4 Na5 6. Bb3 Nxb3 7. axb3 Be7 8.
Nf3 O-O 9. fxe5 dxe5 10. Nxe5 Qd4 11. Nf3 Qb6 12. Qe2 Bb4 13. Be3 Qe6 14. O-O
Bxc3 15. bxc3 Ng4 16. Bd4 Qg6 17. h3 Nh6 18. Kh1 Be6 19. Ne5 Qg5 20. Nf3 Qg6
21. c4 f5 22. Nh4 Qg3 23. exf5 Bxf5 24. Nxf5 Nxf5 25. Qe6+ Kh8 26. Rxf5 Rxf5
27. Qxf5 Kg8 28. Rf1 Qg6 29. Qd5+ Kh8 30. Qxb7 Rg8 31. Qxc7 h5 32. Qxa7 Kh7 33.
Qf7 Rd8 34. Qxg6+ Kxg6 35. Bb6 Rd6 36. c5 Rd4 37. c6 Rd6 38. c7 Rc6 39. Rf8 1-0

[Event "Tournoi Skype 024A"]
[Site "Skype"]
[Date "????.??.??"]
[Round "1.17"]
[White "L'Herbon De Lussats, Jean"]
[Black "Saponara, Jose Maria"]
[Result "0-1"]
[WhiteElo "1539"]
[BlackElo "1790"]
[PlyCount "90"]

1. e4 d5 2. exd5 Qxd5 3. c4 Qd6 4. d4 Nf6 5. Nc3 a6 6. Nf3 Bf5 7. Be2 Nc6 8.
Qb3 Qb4 9. O-O e6 10. Be3 Qxb3 11. axb3 Nb4 12. Nd2 Rd8 13. Bf3 c6 14. Ra5 Nc2
15. d5 Bb4 16. Ra4 exd5 17. Bb6 Rd7 18. Rc1 d4 19. Nce4 d3 20. c5 O-O 21. Ba5
Bxa5 22. Rxa5 Rd4 23. Nd6 Bc8 24. N2c4 Nd5 25. Nxc8 Rxc8 26. Nd6 Rc7 27. g3 g6
28. Bd1 Ndb4 29. Bf3 Re7 30. Kg2 Ne1+ 31. Kh3 Nxf3 32. Raa1 d2 33. Rd1 Re1 34.
Rxe1 dxe1=Q 35. Rxe1 Nxe1 36. Nxb7 Rd2 37. Na5 Rxb2 38. f4 f5 39. Nc4 Rxb3 40.
Ne5 Ned3 41. Nc4 Nxf4+ 42. Kh4 Ne6 43. g4 f4 44. Ne5 g5+ 45. Kh5 Rh3# 0-1

[Event "Tournoi Skype 024A"]
[Site "Skype"]
[Date "????.??.??"]
[Round "1.18"]
[White "Montenegro, Juan Carlos"]
[Black "Junqueira, Leonardo De Faria"]
[Result "1-0"]
[WhiteElo "1786"]
[BlackElo "1538"]
[PlyCount "85"]

1. d4 Nf6 2. c4 e5 3. dxe5 Ng4 4. Nf3 Nc6 5. Bf4 Bb4+ 6. Nc3 Qe7 7. h3 Ngxe5 8.
Nxe5 Nxe5 9. Qd5 d6 10. Qb5+ Nc6 11. g4 Qe4 12. Qg5 Bxc3+ 13. bxc3 Be6 14. f3
Qxc4 15. Qxg7 O-O-O 16. e4 Qa4 17. Be2 Bc4 18. Bxc4 Qxc4 19. Kf2 Rhg8 20. Qf6
Rg6 21. Qf5+ Kb8 22. Rhc1 Qe6 23. a4 Qxf5 24. exf5 Rgg8 25. a5 Rde8 26. a6 b6
27. Re1 Kc8 28. h4 Kd7 29. g5 Ne7 30. f6 Nd5 31. Bd2 Rxe1 32. Rxe1 Re8 33. Rxe8
Kxe8 34. c4 Nxf6 35. gxf6 Kd7 36. Ke3 Ke6 37. Bc3 Kf5 38. Bd4 c5 39. Bc3 Ke6
40. Ke4 Kd7 41. Kd5 Kc7 42. Bd2 Kd7 43. Bf4 1-0

[Event "Tournoi Skype 024A"]
[Site "Skype"]
[Date "????.??.??"]
[Round "1.19"]
[White "Gharbi, Said"]
[Black "Segura Lozano, Marcos Antonio"]
[Result "0-1"]
[WhiteElo "1537"]
[BlackElo "1784"]
[PlyCount "38"]

1. e4 d6 2. d4 g6 3. Nf3 Bg7 4. c3 Nf6 5. e5 dxe5 6. Nxe5 O-O 7. Bc4 Nd5 8.
Bxd5 Qxd5 9. Bf4 g5 10. Bg3 Qxg2 11. Rf1 b6 12. Nf3 g4 13. Ng5 Ba6 14. Nd2 Bxf1
15. Nxf1 h6 16. Kd2 hxg5 17. Ne3 Qe4 18. Nxg4 c5 19. Qa4 Qxg4 0-1

[Event "Tournoi Skype 024A"]
[Site "Skype"]
[Date "????.??.??"]
[Round "1.20"]
[White "Murgia, Stefano"]
[Black "Aranzubia, Desiderio"]
[Result "1-0"]
[WhiteElo "1769"]
[BlackElo "1535"]
[PlyCount "33"]

1. e4 c5 2. Nf3 Nc6 3. d4 cxd4 4. Nxd4 g6 5. Nc3 Bg7 6. Be3 a6 7. Bc4 Qc7 8.
Bb3 Nf6 9. h4 O-O 10. h5 Nxh5 11. Qd2 Nf6 12. O-O-O Na5 13. Bh6 Nxb3+ 14. axb3
d6 15. Bxg7 Kxg7 16. Qh6+ Kg8 17. Nd5 1-0

[Event "Tournoi Skype 024A"]
[Site "Skype"]
[Date "????.??.??"]
[Round "1.22"]
[White "Martinez Quintero, Javier"]
[Black "Grib, Johannes"]
[Result "1-0"]
[WhiteElo "1750"]
[BlackElo "1522"]
[PlyCount "37"]

1. d4 Nf6 2. c4 d5 3. Nc3 Bf5 4. Qb3 dxc4 5. Qxb7 Nbd7 6. e4 Rb8 7. Qxa7 Nxe4
8. Bxc4 Nb6 9. Bb5+ Nd7 10. Bxd7+ Kxd7 11. Nf3 Nxc3 12. bxc3 Ke8 13. Bf4 Rb1+
14. Rxb1 Bxb1 15. O-O Bf5 16. Bxc7 Qc8 17. Ne5 f6 18. Rb1 Bxb1 19. Qa4+ 1-0

[Event "Tournoi Skype 024A"]
[Site "Skype"]
[Date "????.??.??"]
[Round "1.23"]
[White "Perrone, Gabriel Lorenzo"]
[Black "Martinez, Jose Abel"]
[Result "0-1"]
[WhiteElo "1521"]
[BlackElo "1740"]
[PlyCount "94"]

1. d4 e6 2. a3 f5 3. Nf3 Nf6 4. Bg5 d5 5. c4 c6 6. Nc3 Bd6 7. e3 O-O 8. Be2
Nbd7 9. O-O h6 10. Bh4 Qe8 11. Qc2 Ne4 12. Nd2 Nxc3 13. bxc3 b6 14. cxd5 cxd5
15. c4 Bb7 16. cxd5 Rc8 17. Qb3 Bxd5 18. Bc4 Rxc4 19. Nxc4 Qb8 20. Bg3 Bxg3 21.
hxg3 b5 22. Rab1 Bxc4 23. Qb4 Bxf1 24. Kxf1 Qc7 25. Qxb5 Rb8 26. Qd3 Rxb1+ 27.
Qxb1 Qc4+ 28. Kg1 Nb6 29. Qd1 Nd5 30. g4 Nc3 31. Qf3 Qb3 32. gxf5 Qb1+ 33. Kh2
Qxf5 34. Qxf5 exf5 35. Kg3 g5 36. Kf3 h5 37. g3 Kf7 38. Kg2 Ke6 39. f3 Kd5 40.
Kh3 Nd1 41. g4 hxg4+ 42. fxg4 Nf2+ 43. Kg3 Nxg4 44. Kf3 Nf6 45. Kg3 Ke4 46. Kf2
g4 47. Ke2 Nd5 0-1

[Event "Tournoi Skype 024A"]
[Site "Skype"]
[Date "????.??.??"]
[Round "1.24"]
[White "Thacker, Stephen"]
[Black "Vello, Pablo"]
[Result "1-0"]
[WhiteElo "1740"]
[BlackElo "1518"]
[PlyCount "65"]

1. e4 e6 2. d3 d5 3. Nd2 Nf6 4. e5 Nfd7 5. d4 c5 6. c3 Nc6 7. Ndf3 Qb6 8. Ne2
Be7 9. g3 O-O 10. Bh3 cxd4 11. cxd4 Bb4+ 12. Bd2 Be7 13. Bc3 a6 14. O-O Nd8 15.
Bg2 f6 16. Kh1 fxe5 17. dxe5 Nf7 18. Qe1 Bd8 19. h4 Bc7 20. Nc1 Re8 21. Nd3 Qa7
22. a4 Nf8 23. Nd4 Bd7 24. f4 Qb8 25. Qe2 Nd8 26. Qg4 Nc6 27. h5 Nxd4 28. Bxd4
Bc6 29. Bh3 Qc8 30. b3 Qd7 31. Nc5 Qf7 32. Ra2 Bb5 33. axb5 1-0

[Event "Tournoi Skype 024A"]
[Site "Skype"]
[Date "????.??.??"]
[Round "1.25"]
[White "Levantini, Claudio"]
[Black "Pena, Eduin"]
[Result "0-1"]
[WhiteElo "1514"]
[BlackElo "1720"]
[PlyCount "60"]

1. e4 c5 2. Nf3 d6 3. d4 cxd4 4. Nxd4 Nf6 5. Nc3 g6 6. Be3 Bg7 7. Qd2 O-O 8.
Bh6 Nc6 9. Bxg7 Kxg7 10. Be2 d5 11. exd5 Nxd5 12. Nxc6 bxc6 13. O-O-O Be6 14.
h4 Qa5 15. h5 Nxc3 16. Qxc3+ Qxc3 17. bxc3 Bxa2 18. hxg6 hxg6 19. Rh4 Bd5 20.
f3 Rab8 21. c4 Rb4 22. Rdh1 Be6 23. g4 Rg8 24. Bd3 a5 25. g5 a4 26. Rh7+ Kf8
27. R1h4 a3 28. Rf4 a2 29. Bxg6 a1=Q+ 30. Kd2 Rxg6 0-1

[Event "Tournoi Skype 024A"]
[Site "Skype"]
[Date "????.??.??"]
[Round "1.26"]
[White "Vasquez, Oscar"]
[Black "Ramirez Reina, Orlando"]
[Result "1-0"]
[WhiteElo "1712"]
[BlackElo "1492"]
[PlyCount "109"]

1. c4 d5 2. cxd5 Nf6 3. Nc3 Nxd5 4. Nf3 c6 5. e4 Nxc3 6. bxc3 Bg4 7. Be2 Bxf3
8. Bxf3 e5 9. O-O Bc5 10. d3 O-O 11. Bb2 Nd7 12. d4 Bd6 13. Be2 Qe7 14. d5 Nf6
15. f3 Bc5+ 16. Kh1 Be3 17. c4 Rad8 18. Qc2 cxd5 19. cxd5 Rc8 20. Qb3 Bh6 21.
Rab1 Rfe8 22. Bc4 b6 23. Rfd1 Red8 24. Bb5 Qc5 25. Bc6 Qe3 26. Qxe3 Bxe3 27.
Bxe5 Ne8 28. Rd3 f6 29. Bxf6 Nxf6 30. Rxe3 Kf8 31. Ra3 Nxd5 32. exd5 Rc7 33.
Re1 h6 34. Kg1 a5 35. Rae3 Rcc8 36. Re7 Rb8 37. Rb7 Rxb7 38. Bxb7 b5 39. a3 b4
40. axb4 axb4 41. Rb1 Re8 42. Rxb4 Re2 43. Rd4 Ke8 44. Re4+ Rxe4 45. fxe4 Kd7
46. Bc6+ Kd6 47. Kf2 g5 48. Ke3 Ke5 49. g3 h5 50. h3 h4 51. gxh4 gxh4 52. Kf3
Kd4 53. Kf4 Kc5 54. e5 Kd4 55. e6 1-0

[Event "Tournoi Skype 024A"]
[Site "Skype"]
[Date "????.??.??"]
[Round "1.27"]
[White "Munoz Gonzalez, Martin"]
[Black "Khetre, Gaurav"]
[Result "0-1"]
[WhiteElo "1460"]
[BlackElo "1705"]
[PlyCount "52"]

1. d4 Nf6 2. Nf3 e6 3. e3 b6 4. Bd3 Bb7 5. Nbd2 Be7 6. c3 d6 7. O-O O-O 8. Qc2
h6 9. h3 Nbd7 10. a3 c5 11. b4 Rc8 12. bxc5 dxc5 13. Bb2 Qc7 14. Rac1 Rfd8 15.
Qb1 a6 16. c4 Bd6 17. Ne4 Nxe4 18. Bxe4 Bxe4 19. Qxe4 Nf6 20. Qc2 Qc6 21. Nd2
cxd4 22. exd4 Be7 23. Rfe1 Nh5 24. Qe4 Qxe4 25. Rxe4 Bg5 26. g3 Bxd2 0-1

[Event "Tournoi Skype 024A"]
[Site "Skype"]
[Date "????.??.??"]
[Round "1.28"]
[White "Sauvaget, Joel"]
[Black "Mordaa, Ahmad"]
[Result "1/2-1/2"]
[WhiteElo "1684"]
[BlackElo "1458"]
[PlyCount "65"]

1. e4 e5 2. Nf3 Nc6 3. Nc3 Nf6 4. d4 exd4 5. Nxd4 Bc5 6. Be3 Qe7 7. a3 Nxd4 8.
Bxd4 Nxe4 9. Bxc5 Nxc5+ 10. Be2 d6 11. O-O O-O 12. Bf3 c6 13. Re1 Qf6 14. Qd2
d5 15. Rab1 Ne6 16. Ne2 Ng5 17. Ng3 Nxf3+ 18. gxf3 Qxf3 19. Re3 Qf6 20. c3 Bh3
21. Qe2 Qg6 22. Re1 Bg4 23. f3 Bh3 24. Kh1 f5 25. Re6 Qf7 26. Re7 Qg6 27. Rg1
Qf6 28. Nh5 Qh6 29. Nxg7 Kh8 30. Qe5 Qf6 31. Qe1 Rg8 32. Re6 Qf7 33. Re7
1/2-1/2

[Event "Tournoi Skype 024A"]
[Site "Skype"]
[Date "????.??.??"]
[Round "1.29"]
[White "Le Brun, Yves"]
[Black "Engstrom, Olle"]
[Result "1/2-1/2"]
[WhiteElo "1454"]
[BlackElo "1678"]
[PlyCount "62"]

1. d4 Nf6 2. c4 g6 3. g3 Bg7 4. Bg2 O-O 5. Nf3 d6 6. O-O c6 7. Nbd2 Nbd7 8. Re1
Qc7 9. a4 e5 10. dxe5 dxe5 11. Qc2 Re8 12. e4 Nc5 13. b4 Ne6 14. Bb2 Nd7 15.
Rad1 c5 16. b5 b6 17. Bc3 Nd4 18. Qb2 Bb7 19. Nf1 Nf6 20. N3d2 Nd7 21. h3 Nf8
22. Ne3 Nfe6 23. Nd5 Qd7 24. Nb3 Nc7 25. Bd2 Nxd5 26. exd5 e4 27. Nxd4 Bxd4 28.
Qc1 f5 29. Be3 Qg7 30. Bh6 Qe5 31. Bf4 Qf6 1/2-1/2

[Event "Tournoi Skype 024A"]
[Site "Skype"]
[Date "????.??.??"]
[Round "1.30"]
[White "Calcino, Luis"]
[Black "Marino, Giuseppe"]
[Result "1/2-1/2"]
[WhiteElo "1675"]
[BlackElo "1444"]
[PlyCount "88"]

1. e4 e5 2. Nf3 d6 3. d4 exd4 4. Nxd4 a6 5. Be3 Nf6 6. f3 Nbd7 7. Nc3 Ne5 8.
Qd2 Be7 9. Be2 h6 10. g4 g5 11. O-O-O c6 12. Nf5 Bxf5 13. gxf5 Qc7 14. Na4 c5
15. Rhg1 Rg8 16. Nc3 b5 17. Nd5 Nxd5 18. Qxd5 Qc6 19. f4 Qxd5 20. exd5 Nd7 21.
fxg5 Bxg5 22. Bxg5 Rxg5 23. Rxg5 hxg5 24. Re1 Kf8 25. Kd2 b4 26. h4 gxh4 27.
Rh1 Ke7 28. Rxh4 a5 29. a3 Nf6 30. c3 bxc3+ 31. bxc3 Rb8 32. Kc2 Nxd5 33. Ra4
Ne3+ 34. Kd3 Nxf5 35. Rxa5 Ke6 36. Ra6 Ke5 37. a4 f6 38. a5 d5 39. Rb6 Rxb6 40.
axb6 Kd6 41. Bf3 Kc6 42. Bxd5+ Kxb6 43. Ke4 Ne7 44. Bc4 Ka5 1/2-1/2

[Event "Tournoi Skype 024A"]
[Site "Skype"]
[Date "????.??.??"]
[Round "1.32"]
[White "Thoune, Jim"]
[Black "Ram, Madhukesh"]
[Result "0-1"]
[WhiteElo "1659"]
[BlackElo "1430"]
[PlyCount "62"]

1. d4 Nf6 2. c4 e6 3. Nc3 d5 4. e3 c6 5. Nf3 Nbd7 6. cxd5 cxd5 7. Bd2 Be7 8.
Bd3 O-O 9. O-O h6 10. Rc1 Nb6 11. b3 Bd7 12. a4 Nc8 13. Ne5 Bd6 14. f4 Ne7 15.
Rf3 Bb4 16. Nb5 Bxd2 17. Qxd2 Bxb5 18. Bxb5 Ng6 19. Nxg6 fxg6 20. Bd3 Qe8 21.
Rg3 Ne4 22. Bxe4 dxe4 23. Rc5 Rf5 24. Qc2 b6 25. Rc6 Kh7 26. Qxe4 Rc8 27. Rxe6
Rc1+ 28. Kf2 Rc2+ 29. Ke1 Qc8 30. Rgxg6 Qc3+ 31. Kf1 Qa1# 0-1

[Event "Tournoi Skype 024A"]
[Site "Skype"]
[Date "????.??.??"]
[Round "1.33"]
[White "Trivedi, Viral"]
[Black "Fouquereau, Andre"]
[Result "1-0"]
[WhiteElo "1654"]
[BlackElo "1419"]
[PlyCount "49"]

1. d4 d5 2. Bf4 Nf6 3. e3 Nbd7 4. Nf3 g6 5. Be2 Bg7 6. Nc3 c6 7. h4 Nh5 8. Bh2
O-O 9. Ng5 Bh6 10. Bxh5 gxh5 11. Qxh5 Kg7 12. Qf3 e6 13. Bf4 Qf6 14. Qg3 Kh8
15. Nh3 Rg8 16. Qf3 Qxh4 17. g3 Qf6 18. Qh5 Bxf4 19. gxf4 Rg6 20. Ng5 Nf8 21.
Nxh7 Rh6 22. Nxf6 Rxh5 23. Rxh5+ Kg7 24. Ne8+ Kg6 25. Rg5+ 1-0

[Event "Tournoi Skype 024A"]
[Site "Skype"]
[Date "????.??.??"]
[Round "1.34"]
[White "Bhandari, Dattatrey"]
[Black "Jaramillo, Carlos"]
[Result "0-1"]
[WhiteElo "1425"]
[BlackElo "1559"]
[PlyCount "52"]

1. e4 c5 2. Nf3 Nc6 3. d4 cxd4 4. c3 e5 5. cxd4 exd4 6. Bc4 Be7 7. Nxd4 Nxd4 8.
Qxd4 Bf6 9. e5 Qe7 10. Bf4 d6 11. Bb5+ Bd7 12. Bxd7+ Kxd7 13. Qxd6+ Qxd6 14.
exd6 Bxb2 15. O-O Bxa1 16. Nd2 Bc3 17. Ne4 Rc8 18. Ng5 Nh6 19. Ne4 Rhe8 20. f3
f5 21. Nf2 Bd4 22. Kh1 Re2 23. Nd3 Rcc2 24. Rb1 b6 25. Ne5+ Bxe5 26. Bxe5 Rxe5
0-1

[Event "Tournoi Skype 024A"]
[Site "Skype"]
[Date "????.??.??"]
[Round "2.1"]
[White "Sojka, Bernard"]
[Black "Murgia, Stefano"]
[Result "1/2-1/2"]
[WhiteElo "2146"]
[BlackElo "1769"]
[PlyCount "29"]

1. g4 d5 2. Bg2 c6 3. h3 Nf6 4. d3 g6 5. Nd2 Bg7 6. c4 O-O 7. Ngf3 Na6 8. O-O
Nc7 9. Qc2 Bd7 10. Ne5 Be6 11. Ndf3 Nfe8 12. cxd5 cxd5 13. d4 f6 14. Nd3 Nd6
15. Bf4 1/2-1/2